A reducao dos efeitos da incerteza de medio prazo: O papel de um preco minimo plurianual [Brasil] (Registro n. 333144)
[ somente texto ]
| 000 -LÍDER | |
|---|---|
| campo de controle de tamanho fixo | 01116naa a22002657a 4500 |
| 001 - NÚMERO DE CONTROLE | |
| campo de controle | BR7806040 |
| 003 - IDENTIFICADOR DO NÚMERO DE CONTROLE | |
| campo de controle | BR-BrBNA |
| 005 - DATA E HORÁRIO DA ÚLTIMA TRANSAÇÃO | |
| campo de controle | 20250714162947.0 |
| 007 - CAMPO FIXO DE DESCRIÇÃO FÍSICA--INFORMAÇÃO GERAL | |
| campo de controle de tamanho fixo | ta |
| 008 - CAMPO DE DADOS FIXOS--INFORMAÇÃO GERAL | |
| campo de controle de tamanho fixo | 250630b bl.|||m| |||| 00| 0 por d |
| 040 ## - FONTE DA CATALOGAÇÃO | |
| Instituição da catalogação original | BR-BrBNA |
| Idioma da catalogação | por |
| Instituição que transcreveu o registro | Biblioteca Nacional de Agricultura |
| 041 ## - CÓDIGO DE IDIOMA | |
| Código do idioma do texto/trilha sonora ou título diferente | (Pt) |
| 072 ## - CÓDIGO DE CATEGORIA DE ASSUNTO | |
| Código de Categoria de Assunto | E70 |
| Código do objeto | /G514 |
| 090 ## - NÚMERO DE CHAMADA LOCAL | |
| Número de chamada | E70 BR7806040 |
| 100 1# - ENTRADA PRINCIPAL--NOME PESSOAL | |
| Nome pessoal | Lopes, M. de R. |
| 245 1# - TÍTULO | |
| Título | A reducao dos efeitos da incerteza de medio prazo: O papel de um preco minimo plurianual [Brasil] |
| 490 ## - TÍTULO DA SÉRIE | |
| Título da série | Colecao Analise e Pesquisa - Comissao de Financiamento da Producao (Brazil) |
| Número do volume ou designação sequencial da série | v. 11 |
| 500 ## - NOTA GERAL | |
| Nota geral | A politica de precos minimos estudos tecnicos 1949/1979<br/>Lopes, M. de R. (ed.)<br/>Brasilia, DF (Brasil): 1978. p. 211-221<br/>(BR7806040-AMS)<br/> |
| 650 ## - ASSUNTO--TERMO TÓPICO | |
| Cabeçalho tópico ou nome geográfico | POLITICA DE PRECO |
| 650 ## - ASSUNTO--TERMO TÓPICO | |
| Cabeçalho tópico ou nome geográfico | PRECO MINIMO |
| 650 ## - ASSUNTO--TERMO TÓPICO | |
| Cabeçalho tópico ou nome geográfico | MERCADO NACIONAL |
| 773 0# - ENTRADA ANALÍTICA | |
| Título | A politica de precos minimos estudos tecnicos 1949/1979 |
| Entrada principal | Lopes, M. de R. (ed.). Comissao de Financiamento da Producao, Brasilia, DF (Brasil) |
| Número de controle do registro | E70 BR7806040 |
| Partes relacionadas | Brasilia, DF (Brasil), 1978. p. 211-221 |
| 942 ## - ELEMENTOS DE ENTRADA ADICIONADOS (KOHA) | |
| Tipo de material Koha | Analítica de Monografia Seriada |
| Fonte da classificação ou esquema de arquivamento na estante | Classificação AGRIS |
| 909 ## - | |
| -- | 202506 |
| -- | Lúcia |
| -- | 55 |
| -- | Lúcia Elande |
| Situação do descarte | Fonte da classificação ou esquema de arquivamento na estante | Situação física | Não pode ser emprestado | Coleção | Biblioteca de origem | Biblioteca atual | Total de empréstimos | Data de último acesso | Número do exemplar | Tipo de material Koha | Situação das perdas | Data de aquisição | Fonte de aquisição |
|---|---|---|---|---|---|---|---|---|---|---|---|---|---|
| Classificação AGRIS | Biblioteca Nacional de Agricultura - Binagri | Biblioteca Nacional de Agricultura - Binagri | 30/06/2025 | 01 | Analítica de Monografia Seriada | 2025-06-30 | Portaria Interministerial nº 164/94 |

BINAGRI